Leadership : (Record no. 302)
[ view plain ]
| 000 -LEADER | |
|---|---|
| fixed length control field | 00634nam a22002177a 4500 |
| 003 - CONTROL NUMBER IDENTIFIER | |
| control field | BD-DhUIB |
| 005 - DATE AND TIME OF LATEST TRANSACTION | |
| control field | 20210606112858.0 |
| 008 - FIXED-LENGTH DATA ELEMENTS--GENERAL INFORMATION | |
| fixed length control field | 210606b ||||| |||| 00| 0 eng d |
| 020 ## - INTERNATIONAL STANDARD BOOK NUMBER | |
| International Standard Book Number | 9781259097089 |
| 040 ## - CATALOGING SOURCE | |
| Original cataloging agency | BD-DhUIB |
| Transcribing agency | BD-DhUIB |
| 050 ## - LIBRARY OF CONGRESS CALL NUMBER | |
| Classification number | 303.394 |
| 082 ## - DEWEY DECIMAL CLASSIFICATION NUMBER | |
| Edition number | 22 |
| 100 ## - MAIN ENTRY--PERSONAL NAME | |
| Personal name | Hughes, Richard L. |
| 9 (RLIN) | 656 |
| 245 ## - TITLE STATEMENT | |
| Title | Leadership : |
| Remainder of title | Exchancing the lessons of experience / |
| Statement of responsibility, etc. | Richard L. Hughes, Robert C. Ginnett and Gordon J. Curphy. |
| 300 ## - PHYSICAL DESCRIPTION | |
| Extent | xviii,716p. : |
| Other physical details | ill. ; |
| Dimensions | 23 cm. |
| 526 ## - STUDY PROGRAM INFORMATION NOTE | |
| Program name | BBA. |
| 650 ## - SUBJECT ADDED ENTRY--TOPICAL TERM | |
| Topical term or geographic name entry element | Leadership. |
| 9 (RLIN) | 316 |
| 700 ## - ADDED ENTRY--PERSONAL NAME | |
| Personal name | Ginnett, Robert C. |
| 9 (RLIN) | 657 |
| 700 ## - ADDED ENTRY--PERSONAL NAME | |
| Personal name | Curphy, Gordon J. |
| 9 (RLIN) | 658 |
| 942 ## - ADDED ENTRY ELEMENTS (KOHA) | |
| Source of classification or shelving scheme | Dewey Decimal Classification |
| Koha item type | Books |
| Withdrawn status | Lost status | Source of classification or shelving scheme | Damaged status | Not for loan | Collection code | Home library | Current library | Shelving location | Date acquired | Source of acquisition | Total Checkouts | Full call number | Barcode | Date last seen | Copy number | Price effective from | Koha item type | Date due | Date last checked out |
|---|---|---|---|---|---|---|---|---|---|---|---|---|---|---|---|---|---|---|---|
| Dewey Decimal Classification | Fiction | IBA Library | IBA Library | General Stacks | 01/15/2015 | Pruchase | 303.394H716L 2012 | 00050484 | 06/06/2021 | C-1 | 06/06/2021 | Books | |||||||
| Dewey Decimal Classification | Fiction | IBA Library | IBA Library | General Stacks | 01/15/2015 | Pruchase | 1 | 303.394H716L 2012 | 00050485 | 10/13/2025 | C-2 | 06/06/2021 | Books | 10/27/2025 | 10/13/2025 |
